Spôsob zdaňovania príjmov spoločníkov spoločností s ručením obmedzeným v roku 1995

Príjem zo závislej činnosti. Zdaňovanie preddavkovým spôsobom a formou osobitnej sadzby dane. Príjmy kapitálového majetku. Zdanenie príjmov spoločníka ak je alebo nie je v pracovnoprávnom vzťahu spoločnosti. Zdanenie podielu zo zisku. Podanie daňového priznania.

Gespeichert in:
Bibliographische Detailangaben
1. Verfasser: Piršelová, Dagmar
Format: Buchkapitel
Sprache:Slowakisch
Schlagworte:
Tags: Tag hinzufügen
Keine Tags, Fügen Sie das erste Tag hinzu!

MARC

LEADER 00000naa a2200000 4500
001 r018219
005 20221213100206.6
041 0 |a slo 
044 |a SK 
245 1 0 |a Spôsob zdaňovania príjmov spoločníkov spoločností s ručením obmedzeným v roku 1995  |c Dagmar Piršelová 
520 |a Príjem zo závislej činnosti. Zdaňovanie preddavkovým spôsobom a formou osobitnej sadzby dane. Príjmy kapitálového majetku. Zdanenie príjmov spoločníka ak je alebo nie je v pracovnoprávnom vzťahu spoločnosti. Zdanenie podielu zo zisku. Podanie daňového priznania. 
610 2 0 |a príjmy 
610 2 0 |a dane z príjmov 
610 2 0 |a spoločnosti s r.o. 
610 2 0 |a priznania daňové 
100 1 |a Piršelová, Dagmar